000
00234nam a2200097Ia 4500
001
682364
005
20250826161417.0
008
250824s9999 xx 000 0 und d
245
0
_a
ELVEDA GÜZEL VATANIM
_c
AHMET ÜMİT
260
_b
EVEREST
999
_c
682364
_d
682364